<?xml version="1.0" encoding="UTF-8"?><?xml-stylesheet type="text/xsl" href="static/style.xsl"?><OAI-PMH xmlns="http://www.openarchives.org/OAI/2.0/" xmlns:xsi="http://www.w3.org/2001/XMLSchema-instance" xsi:schemaLocation="http://www.openarchives.org/OAI/2.0/ http://www.openarchives.org/OAI/2.0/OAI-PMH.xsd"><responseDate>2026-04-13T07:35:05Z</responseDate><request verb="GetRecord" identifier="oai:www.recercat.cat:2117/389817" metadataPrefix="marc">https://recercat.cat/oai/request</request><GetRecord><record><header><identifier>oai:recercat.cat:2117/389817</identifier><datestamp>2025-07-23T05:10:32Z</datestamp><setSpec>com_2072_1033</setSpec><setSpec>col_2072_452951</setSpec></header><metadata><record xmlns="http://www.loc.gov/MARC21/slim" xmlns:dcterms="http://purl.org/dc/terms/" xmlns:xsi="http://www.w3.org/2001/XMLSchema-instance" xmlns:doc="http://www.lyncode.com/xoai" xsi:schemaLocation="http://www.loc.gov/MARC21/slim http://www.loc.gov/standards/marcxml/schema/MARC21slim.xsd">
   <leader>00925njm 22002777a 4500</leader>
   <datafield ind2=" " ind1=" " tag="042">
      <subfield code="a">dc</subfield>
   </datafield>
   <datafield ind2=" " ind1=" " tag="720">
      <subfield code="a">Ware, Carmen</subfield>
      <subfield code="e">author</subfield>
   </datafield>
   <datafield ind2=" " ind1=" " tag="260">
      <subfield code="c">2023-05-25</subfield>
   </datafield>
   <datafield ind2=" " ind1=" " tag="520">
      <subfield code="a">Com a part d'un projecte més ampli amb el Ministeri d'Innovació i Ciència espanyol i l'Agència Estatal de Recerca per anticipar la propagació de fallada dels ponts envellits, es presenta una avaluació i anàlisi estructural sobre un pont d'arc de maçoneria existent i en servei situat a Catalunya. En un esforç per adoptar un enfocament interdisciplinari rentable, primer es presenta un estudi de la història del pont, així com una enquesta de les condicions actuals i una determinació del model de càrrega actual, seguit d'un anàlisi utilitzant l'estratègia d'anàlisi de límits i tècniques de modelatge numèric en paral·lel que va proporcionar una visió de la seguretat actual de l'estructura i la contribució de la delaminació de l'anell a la seva propagació de fallada. Finalment, es determinen i presenten recomanacions per a la construcció d'una mostra de laboratori, concloent amb recomanacions per als propers passos en l'avaluació de l'estructura.</subfield>
   </datafield>
   <datafield ind2=" " ind1=" " tag="520">
      <subfield code="a">Como parte de un proyecto más amplio con el Ministerio de Ciencia e Innovación y la Agencia Estatal de Investigación para anticipar la propagación del fallo en puentes envejecidos, se presenta una evaluación y análisis estructural sobre un puente de arco de mampostería existente y en servicio ubicado en Cataluña. En un esfuerzo por adoptar un enfoque interdisciplinario rentable, se presenta primero un estudio de la historia del puente, así como una encuesta de las condiciones actuales y una determinación del modelo de carga actual, seguido de un análisis utilizando la estrategia de análisis de límites y técnicas de modelado numérico en paralelo, lo que proporcionó una visión de la seguridad actual de la estructura y la contribución de la delaminación del anillo a su propagación del fallo. Finalmente, se determinan y presentan recomendaciones para la construcción de una muestra de laboratorio, concluyendo con recomendaciones para los próximos pasos en la evaluación de la estructura.</subfield>
   </datafield>
   <datafield ind2=" " ind1=" " tag="520">
      <subfield code="a">As part of a broader project with the Spanish Ministry of Science and Innovation and the State Research Agency to anticipate the failure propagation of ageing bridges, a structural assessment and analysis is presented on an existing, in-service masonry arch bridge located in Catalunya. In an effort to take a cost-effective, interdisciplinary approach, a study of the history of the bridge as well as a survey of the current conditions and a determination of the current loading model are presented first followed by an analysis using the limit analysis strategy and numerical modeling techniques in parallel which provided an insight into the current safety of the structure and the contribution of ring delamination to its failure propagation. Finally, recommendations for the construction of a laboratory specimen are determined and presented, concluding with recommendations for the next steps in the assessment of the structure.</subfield>
   </datafield>
   <datafield tag="653" ind2=" " ind1=" ">
      <subfield code="a">Àrees temàtiques de la UPC::Enginyeria civil::Infraestructures i modelització dels transports::Infraestructures i transport ferroviari</subfield>
   </datafield>
   <datafield tag="653" ind2=" " ind1=" ">
      <subfield code="a">Masonry bridges</subfield>
   </datafield>
   <datafield tag="653" ind2=" " ind1=" ">
      <subfield code="a">Railroad bridges</subfield>
   </datafield>
   <datafield tag="653" ind2=" " ind1=" ">
      <subfield code="a">analysis</subfield>
   </datafield>
   <datafield tag="653" ind2=" " ind1=" ">
      <subfield code="a">assessment</subfield>
   </datafield>
   <datafield tag="653" ind2=" " ind1=" ">
      <subfield code="a">damage</subfield>
   </datafield>
   <datafield tag="653" ind2=" " ind1=" ">
      <subfield code="a">FEM</subfield>
   </datafield>
   <datafield tag="653" ind2=" " ind1=" ">
      <subfield code="a">limit analysis</subfield>
   </datafield>
   <datafield tag="653" ind2=" " ind1=" ">
      <subfield code="a">masonry arch bridges</subfield>
   </datafield>
   <datafield tag="653" ind2=" " ind1=" ">
      <subfield code="a">numerical analysis</subfield>
   </datafield>
   <datafield tag="653" ind2=" " ind1=" ">
      <subfield code="a">railway bridges</subfield>
   </datafield>
   <datafield tag="653" ind2=" " ind1=" ">
      <subfield code="a">ring separation</subfield>
   </datafield>
   <datafield tag="653" ind2=" " ind1=" ">
      <subfield code="a">Ponts de maçoneria</subfield>
   </datafield>
   <datafield tag="653" ind2=" " ind1=" ">
      <subfield code="a">Ponts de ferrocarril</subfield>
   </datafield>
   <datafield ind2="0" ind1="0" tag="245">
      <subfield code="a">Simplified and numerical structural analysis of existing masonry railway arch bridges</subfield>
   </datafield>
</record></metadata></record></GetRecord></OAI-PMH>